| 000 | 007100000a22002050004500 | ||
|---|---|---|---|
| 020 | _a0-89922-238-2 | ||
| 041 | 0 | _aSPA | |
| 082 | 0 | 4 | _aG 230.04 P1237h |
| 245 | 1 | 0 | _aHacia una teología evangélica latinoamericana : Testimonios personales de la busqueda de una teología que sea fiel a la Palabra de Dios y pertinente a la situación latinoamericana / René Padilla, Editor |
| 260 | _aMiami, FL., USA : Caribe | ||
| 300 | _a154 Pag | ||
| 440 | 0 | _aFTL | |
| 500 | _aEnsayos en honor de Pedro Savage | ||
| 650 | 1 | 4 | _aTEOLOGIA - COLECCIONES - AMERICA LATINA |
| 001 | 3433 | ||
| 942 | _cBK | ||
| 999 |
_c34100 _d34100 |
||
| 336 |
_atexto _btxt _2rdacontent |
||
| 337 |
_2rdamedia _asin mediación _bn |
||
| 338 |
_2rdacarrier _avolumen _bnc |
||